|
|
|
|
| LEADER |
00636nam a22001697a 4500 |
| 999 |
|
|
|c 145390
|d 145390
|
| 020 |
|
|
|a 9788173054563
|
| 082 |
|
|
|a 751.730 934
|b DIE/A.1
|
| 100 |
|
|
|a Dieter Schlingloff
|
| 245 |
|
|
|a Ajanta (v.1):
|b handbook of the painting (narrative wall-painting)/
|c by Dieter Schlingloff
|
| 260 |
|
|
|a New Delhi:
|b Indira Gandhi National Centre for the Arts,
|c 2000.
|
| 300 |
|
|
|a 517p.
|
| 650 |
|
|
|a Painting India
|
| 650 |
|
|
|a Wall Painting
|
| 650 |
|
|
|a Arts
|
| 942 |
|
|
|c BK
|
| 952 |
|
|
|0 0
|1 0
|4 0
|6 R_751_730000000000000_934_DIE_A_1
|7 0
|9 103827
|a SSUS
|b SSUS
|c REF
|d 2020-10-22
|g 1333.00
|o R 751.730 934 DIE/A.1
|p 100724
|r 2020-10-22
|w 2020-10-22
|y REF
|